Khi phương Tây gặp phương Đông : Hán học và các nhà hán học quốc tế /

Na minha lista:
Detalhes bibliográficos
Autor principal: Vương Gia Phụng.
Outros Autores: Lý Quang Chân., Nguyễn Ngọc Thơ, ThS. (dịch.)
Formato: Sách giấy
Idioma:Vietnamese
Publicado em: TP. HCM : Đại học Quốc gia, 2007.
Assuntos:
Tags: Adicionar Tag
Sem tags, seja o primeiro a adicionar uma tag!
Thư viện lưu trữ: Thư viện Trường Đại học Đà Lạt
LEADER 00921nam a2200325 4500
001 DLU110126196
005 ##20111006
040 # # |a DLU  |b vie 
041 # # |a vie 
044 # # |a vn 
082 # # |a 951  |b VU-P 
100 # # |a Vương Gia Phụng. 
245 # # |a Khi phương Tây gặp phương Đông :  |b Hán học và các nhà hán học quốc tế /  |c Vương Gia Phụng, Lý Quang Chân; Nguyễn Ngọc Thơ dịch. 
260 # # |a TP. HCM :  |b Đại học Quốc gia,  |c 2007. 
300 # # |a 276 tr. ;  |c 21 cm. 
650 # # |a Nghiên cứu  |z Trung Quốc. 
651 # # |a Trung Quốc  |x Văn minh. 
700 # # |a Lý Quang Chân. 
700 # # |a Nguyễn Ngọc Thơ,  |c ThS.  |e dịch. 
923 # # |a 14/2011 
991 # # |a GT 
992 # # |a 25000 
994 # # |a DLU 
900 # # |a True 
911 # # |a Đào Thị Thu Huyền 
925 # # |a G 
926 # # |a A 
927 # # |a SH 
980 # # |a Thư viện Trường Đại học Đà Lạt